书目信息 |
| 题名: |
神话故事集
|
|
| 作者: | 湘云 编著 | |
| 分册: | ||
| 出版信息: | 北京 中国文联出版社 2000 |
|
| 页数: | 306页 | |
| 开本: | 20cm | |
| 丛书名: | 中华文史故事文库 | |
| 单 册: | ||
| 中图分类: | I277.5 , I247.8 | |
| 科图分类: | ||
| 主题词: | 神话--中国--选集 , 神话 , 小说--中国 | |
| 电子资源: | ||
| ISBN: | 7-5059-3556-9 | |
| 000 | 00700oam2 2200265 450 | |
| 001 | 1534098007 | |
| 005 | 20150120093046.20 | |
| 010 | @a7-5059-3556-9@dCNY12.00 | |
| 100 | @a20000301d2000 em y0chiy0110 ea | |
| 101 | 0 | @achi |
| 102 | @aCN@b110000 | |
| 105 | @ay z 000fy | |
| 200 | 1 | @a神话故事集@9shen hua gu shi ji@f湘云编著 |
| 210 | @a北京@c中国文联出版社@d2000 | |
| 215 | @a306页@d20cm | |
| 225 | 2 | @a中华文史故事文库@h第三辑 |
| 461 | 0 | @12001 @a中华文史故事文库 |
| 606 | 0 | @a神话@y中国@x选集 |
| 606 | 0 | @a神话 |
| 606 | 0 | @a小说@x中国 |
| 690 | @aI277.5@v5 | |
| 690 | @aI247.8@v4 | |
| 701 | 0 | @a湘云@9xiang yun@4编著 |
| 801 | 0 | @aCN@bTSSF@c20150120 |
| 905 | @aZUCC@dI247.8@eJY140 | |
| 神话故事集/湘云编著.-北京:中国文联出版社,2000 |
| 306页;20cm.-(中华文史故事文库.第三辑) |
| ISBN 7-5059-3556-9:CNY12.00 |
| ● |
| 相关链接 |
|
|
|
|
正题名:神话故事集
索取号:I247.8/JY140
 
预约/预借
| 序号 | 登录号 | 条形码 | 馆藏地/架位号 | 状态 | 备注 |
| 1 | 7850697 | 278506975 | 学院路分馆/ [索取号:I247.8/JY140] | 在馆 | |
| 2 | 7850698 | 278506984 | 学院路分馆/ [索取号:I247.8/JY140] | 在馆 |